Securities law
Spremljeno u:
| Glavni autor: | |
|---|---|
| Format: | Knjiga |
| Jezik: | engleski |
| Izdano: |
London
Sweet & Maxwell
2013
|
| Izdanje: | 2nd ed |
| Teme: | |
| Oznake: |
Bez oznaka, Budi prvi tko označuje ovaj zapis!
|
MARC
| LEADER | 00000nam a22000007a 4500 | ||
|---|---|---|---|
| 003 | KE-NaDUL | ||
| 005 | 20220124091600.0 | ||
| 008 | 220121b xxu||||| |||| 00| 0 eng d | ||
| 952 | |0 0 |1 0 |2 lcc |4 0 |6 KD1774 H83 02013 |7 0 |8 GC |9 129640 |a DULS |b DULS |c GC |d 2022-01-21 |e Mima |g 57415.00 |l 0 |o KD1774.H83 2013 |p BK0109786 |r 2022-01-21 00:00:00 |w 2022-01-21 |x 109786 |y G | ||
| 952 | |0 0 |1 0 |2 lcc |4 0 |6 KD1774 H83 02013 |7 0 |8 GC |9 129641 |a DULS |b DULS |c GC |d 2022-01-21 |e Mima |g 57415.00 |l 0 |o KD1774.H83 2013 |p BK0109787 |r 2022-01-21 00:00:00 |w 2022-01-21 |x 109787 |y G | ||
| 952 | |0 0 |1 0 |2 lcc |4 0 |6 KD1774 H83 02013 |7 0 |8 GC |9 129642 |a DULS |b DULS |c GC |d 2022-01-21 |e Mima |g 57415.00 |l 0 |o KD1774.H83 2013 |p BK0109788 |r 2022-01-21 00:00:00 |w 2022-01-21 |x 109788 |y G | ||
| 952 | |0 0 |1 0 |2 lcc |4 0 |6 KD1774 H83 02013 |7 0 |8 GC |9 129643 |a DULS |b DULS |c GC |d 2022-01-21 |e Mima |g 57415.00 |l 0 |o KD1774.H83 2013 |p BK0109789 |r 2022-01-21 00:00:00 |w 2022-01-21 |x 109789 |y G | ||
| 952 | |0 0 |1 0 |2 lcc |4 0 |6 KD1774 H83 02013 |7 0 |8 GC |9 129644 |a DULS |b DULS |c GC |d 2022-01-21 |e Mima |g 57415.00 |l 0 |o KD1774.H83 2013 |p BK0109790 |r 2022-01-21 00:00:00 |w 2022-01-21 |x 109790 |y G | ||
| 999 | |c 203513 |d 203512 | ||
| 020 | |a 9780414028456 | ||
| 040 | |a DUL |c DUL | ||
| 050 | |a KD1774.H83 2013 | ||
| 100 | |a Hudson, Alastair |9 9975 | ||
| 245 | |a Securities law |c by Alastair Hudson | ||
| 250 | |a 2nd ed | ||
| 260 | |a London |b Sweet & Maxwell |c 2013 | ||
| 300 | |a cviii, 874 p | ||
| 650 | |a Securities |z Great Britain |9 9976 | ||
| 942 | |2 lcc |c G |h KD1774 |i .H83 |m 2013 |6 KD1774 H83 | ||